000 00677nam a22002057a 4500
005 20170808154555.0
010 _aENG-119164
020 _a9788175417571
_c395.00
035 _aEN-102696
037 _bDBAD/PUB
082 _a361.3071154
245 _aSocial work education and practice engagement /
_cedited by Sanjai Bhatt [and] Suresh Pathare
260 _aDelhi
_bShipra Publications
_c2015
270 _aLG-18-19,Pankaj Central Market,I.P.Ext. Patparganj
_bDelhi
_e110092
300 _axiv,272p.
_c23cm(pbk)
500 _aIncludes references and index
700 _aSanjai Bhatt
700 _aPathare,Suresh
942 _2ddc
_cEN
_h361.3071154
_mSOC
999 _c142502
_d142502